Kluby w ekstraklasie 26/27 - Statystyki

Ogólne statystyki
  • Ten quiz został rozwiązany 3 razy
  • Średni wynik to 9 z 18
Statystyki odpowiedzi
Odpowiedź % Poprawnych
Wisła Kraków
100%
Cracovia
50%
Gks Katowice
50%
Górnik Zabrze
50%
Jagiellonia Białystok
50%
Korona Kielce
50%
Lech Poznań
50%
Legia Warszawa
50%
Motor Lublin
50%
Piast Gliwice
50%
Pogoń Szczecin
50%
Radomiak Radom
50%
Raków Częstochowa
50%
Śląsk Wrocław
50%
Widzew Łódź
50%
Wisła Płock
50%
Zagłębie Lubin
50%
Baraże i liga
0%
Nie znaleziono quizów pasujących do podanych kryteriów
Rozkład punktacji
Procent ludzi z każdym wynikiem
Percentyl według liczby udzielonych odpowiedzi
Twoja historia wyników
Nie rozwiązałeś tego quizu